000 00528nam a2200181Ia 4500
005 20250317123513.0
008 008 250317s9999 xx 000 0 eng d
037 _aTextbook
040 _aFMSL
_beng
_cFMSL
041 _aeng
_2eng
084 _aX:89ZB L3
_qFMSL
100 _aKirk F G
_9735520
245 0 _aTotal system development for information systems
260 _aNew Delhi
_bNew Delhi, Wiley Interscience
_c1973
300 _a284p
942 _cTB
_hX:89ZB L3
999 _c1251535
_d1251535